00347nam a2200121Ia 4500008004100000020002200041041000800063082002700071100003300098245004900131260003600180300000900216230519s9999 xx 000 0 und d a978-93-81390-42-9 aeng aMS/610.7361/ANS/DB0501 aAnsari Javed & Kaur Devinder aConcise Course in Medical Surgical Nursing 2 bS Vikas and CoaJalandharc2016 a912p